Science Quiz

Random Science or Anatomy Quiz

Anatomy of the Heart Quiz Stats

 Plays Quiz Updated Apr 12, 2013

Support Sporcle.
Go Orange.
Score 0/12 Timer 04:00
31 Plays Today
% Correct
Aorta
95.1%
Left Ventricle
88.7%
Right Ventricle
88.5%
Right Atrium
80.6%
Left Atrium
80.2%
Superior Vena Cava
62.9%
Pulmonary Artery
61.4%
Inferior Vena Cava
60.9%
Mitral Valve
58.2%
Tricuspid Valve
55%
Pulmonary Valve
44.1%
Papillary Muscles
18.4%

You're not logged in!

Compare scores with friends on all Sporcle quizzes.
OR
Log In

From the Vault

Alphabetic Things (A-Z)

by reicherm

Some things are as easy as A, B, C...and then there's this quiz.
Remove Ads.
Support Sporcle.
Get the best of Sporcle when you Go Orange. This ad-free experience offers more features, more stats, and more fun while also helping to support Sporcle. Thank you for becoming a member.

Show Comments

Extras

Top Quizzes Today


Score Distribution

Your Account Isn't Verified!

In order to create a playlist on Sporcle, you need to verify the email address you used during registration. Go to your Sporcle Settings to finish the process.

Report this User

Report this user for behavior that violates our Community Guidelines.

Details: